00393nam a2200121Ia 450000500170000000800410001708200190005810000250007724500510010226000390015330000170019250000620020920250305002319.0240331s9999 xx 000 0 und d bSUN25703a895 aSundarampillai, K. S 0aNadigamani V. V. Vyramutthuvin Vazhvum Arankum aJaffnabBharathi Pathippakamc1996 axii, 160 p., aThe biography and theatre of the actor V. V. Vyramutthu.